özv. Kiss Gézáné született Mang Ilona
Elmentve itt :
| Dokumentumtípus: | Cikk |
|---|---|
| Megjelent: |
1940-05-12
|
| Sorozat: | Délmagyarország
16 No. 107 |
| Kulcsszavak: | Kiss Gézáné Mang Ilona, Gyászjelentés |
| Online Access: | http://dmarchiv.bibl.u-szeged.hu/41168 |
| LEADER | 00440nab a2200145 i 4500 | ||
|---|---|---|---|
| 001 | delm41168 | ||
| 005 | 20180927130019.0 | ||
| 008 | 180927s1940 hu o 0|| hun d | ||
| 040 | |a SZTE Délmagyarország Archívum |b hun | ||
| 041 | |a hun | ||
| 245 | 0 | 0 | |a özv. Kiss Gézáné született Mang Ilona |h [elektronikus dokumentum] |
| 260 | |c 1940-05-12 | ||
| 300 | |a 9 | ||
| 490 | 0 | |a Délmagyarország |v 16 No. 107 | |
| 695 | |a Kiss Gézáné Mang Ilona, Gyászjelentés | ||